مكتبة جامعة عجلون الوطنية

فهرس بحث المكتبة

Normal view MARC view
  • العهد القديم - العهد الجديد - مقارنة لغوية

Entry Topical Term

Number of records used in: 1

001 - CONTROL NUMBER

  • control field: 46077

003 - CONTROL NUMBER IDENTIFIER

  • control field: JO-AjAnu

005 - DATE AND TIME OF LATEST TRANSACTION

  • control field: 20230606081622.0

008 - FIXED-LENGTH DATA ELEMENTS

  • fixed length control field: 230606|| aca||aabn | a|a d

040 ## - CATALOGING SOURCE

  • Original cataloging agency: JO-AjAnu
  • Transcribing agency: JO-AjAnu

150 ## - HEADING--TOPICAL TERM

  • Topical term or geographic name entry element: العهد القديم - العهد الجديد - مقارنة لغوية

670 ## - SOURCE DATA FOUND

  • Source citation: Work cat.: (JO-AjAnu)23587: عبابنة، يحيى, author 46076, الذات بين البناء والتفكيك: قراءة لغوية مقارنة في (جذور) الذات الإلهية في العهدين القديم والجديد